Bible Characters A-Z - Statistics

General Stats
  • This quiz has been taken 290 times
    248 since last reset
  • The average score is 15 of 26
Answer Stats
Hint Answer % Correct
g Phillistine giant Goliath
92%
s Wise ruler of Israel Solomon
87%
a Left Ur to go to Canaan Abraham
83%
p Man who sentenced Jesus to the cross Pilate
83%
b Wife of David Bathsheba
82%
d Murderer of Uriah David
81%
j He took a ship to Tarshish Jonah
77%
r Who Jacob wanted to marry Rachel
77%
n Mother in law of Ruth Naomi
76%
e Sister of Mary Elizabeth
75%
u Who David murdered Uriah
74%
i His name means 'he laughed' Isaac
72%
y Name for God Yahweh
72%
m Lived the longest Methuselah
68%
c Ruler of Rome in Jesus's time Caesar
64%
o Grandfather of David Obed
54%
l Father of Leah Laban
52%
t Dressed as a prostitute amd had a son with her father in law Tamar
50%
q ---------------------- -------
39%
w ------------------ -------
39%
x ------------------ -------
39%
v The first wife of King Ahasuerus of Persia before he marries Esther Vashti
39%
f Roman governor who procrastinated Felix
28%
z Man who became mute because he didn't believe God would give him a son Zacharias
14%
k Great-grandson of Adam Kenan
11%
h The man who caressed the people Habakkuk
5%
No matching quizzes found
Score Distribution
Percent of People with Each Score
Percentile by Number Answered
Your Score History
You have not taken this quiz since the last reset